Lízing, alebo čo vám o ňom reklama nepovie
Pojem lízing v odbornej literatúre. Základné typy lízingových zmlúv. Výhody a nevýhody finančného lízingu. Možné riziká pri uzatváraní lízingových zmlúv. Poistná zmluva ako podstatná súčasť lízingovej zmluvy. Daňové aspekty predčasného ukončenia lízingovej zmluvy. Predčasná kupa predmetu lízingu. Pr...
Guardado en:
| Autor principal: | |
|---|---|
| Formato: | Capítulo de libro |
| Lenguaje: | eslovaco |
| Materias: | |
| Etiquetas: |
Sin Etiquetas, Sea el primero en etiquetar este registro!
|
MARC
| LEADER | 00000naa a2200000 4500 | ||
|---|---|---|---|
| 001 | r043164 | ||
| 005 | 20231002123051.8 | ||
| 041 | 0 | |a slo | |
| 044 | |a SK | ||
| 245 | 1 | 0 | |a Lízing, alebo čo vám o ňom reklama nepovie |c Darina Salanciová |
| 520 | |a Pojem lízing v odbornej literatúre. Základné typy lízingových zmlúv. Výhody a nevýhody finančného lízingu. Možné riziká pri uzatváraní lízingových zmlúv. Poistná zmluva ako podstatná súčasť lízingovej zmluvy. Daňové aspekty predčasného ukončenia lízingovej zmluvy. Predčasná kupa predmetu lízingu. Praktické príklady. | ||
| 610 | 2 | 0 | |a lízing |
| 610 | 2 | 0 | |a lízing finančný |
| 610 | 2 | 0 | |a zmluvy poistné |
| 610 | 2 | 0 | |a prenájom zmluvný |
| 610 | 2 | 0 | |a dane |
| 610 | 2 | 0 | |a spoločnosti lízingové |
| 100 | 1 | |a Salanciová, Darina | |